LA RELIGION Y EL ORIGEN DE LA CULTURA OCCIDENTAL (Registro nro. 56785)
[ vista simple ]
| 000 -LEADER | |
|---|---|
| fixed length control field | 01154nam a2200217 a 4500 |
| 001 - CONTROL NUMBER | |
| control field | 56785 |
| 005 - DATE AND TIME OF LATEST TRANSACTION | |
| control field | 20180714052717.0 |
| 008 - FIXED-LENGTH DATA ELEMENTS--GENERAL INFORMATION | |
| fixed length control field | 140415s2010 sp 000 0 spa d |
| 020 ## - INTERNATIONAL STANDARD BOOK NUMBER | |
| International Standard Book Number | 9788499200262 |
| 041 ## - LANGUAGE CODE | |
| Language code of text/sound track or separate title | spa |
| 082 ## - DEWEY DECIMAL CLASSIFICATION NUMBER | |
| Classification number | 940.2 |
| Item number | DAW |
| 100 1# - MAIN ENTRY--PERSONAL NAME | |
| Personal name | Dawson, Christopher,. |
| 245 13 - TITLE STATEMENT | |
| Title | LA RELIGION Y EL ORIGEN DE LA CULTURA OCCIDENTAL |
| 250 ## - EDITION STATEMENT | |
| Edition statement | 1a ed. |
| 260 ## - PUBLICATION, DISTRIBUTION, ETC. | |
| Place of publication, distribution, etc. | ESPAÑA : |
| Name of publisher, distributor, etc. | ENCUENTRO, |
| Date of publication, distribution, etc. | 2010 |
| 300 ## - PHYSICAL DESCRIPTION | |
| Extent | 254 |
| Dimensions | 15 x 1.5 x 23 |
| 520 ## - SUMMARY, ETC. | |
| Summary, etc. | EL COMIENZO DE LA CULTURA OCCIDENTAL DEBE BUSCARSE EN LA NUEVA COMUNIDAD ESPIRITUAL QUE SURGIO DE LAS RUINAS DEL IMPERIO ROMANO DEBIDO A LA CONVERSION DE LOS BARBAROS DEL NORTE A LA FE CRISTIANA. LA IGLESIA CRISTIANA HEREDO LAS TRADICIONES DEL IMPERIO. LLEGO A LOS BARBAROS COMO PORTADORDA DE UNA CIVILIZACION SUPERIOR, FUNDADA EN EL PRESTIGIO DE LA LEY ROMANA Y EN LA AUTORIDAD DEL NOMBRE DE ROMA. LA DESTRUCCION DE LA ORGANIZACIN POLITICA DEL IMPERIO ROMANO HABIA DEJADO UNA GRAN VACIO Q |
| 650 14 - SUBJECT ADDED ENTRY--TOPICAL TERM | |
| Topical term or geographic name entry element | RELIGION Y CULTURA |
| General subdivision | EUROPA |
| -- | HISTORIA |
| -- | SIGLO XX |
| -- | CULTURA |
| -- | ORIGEN |
| -- | EUROPA |
| 700 1# - ADDED ENTRY--PERSONAL NAME | |
| Personal name | ANDRES-GALLEGO, JOSE |
| Relator term | pról. |
| 740 ## - ADDED ENTRY--UNCONTROLLED RELATED/ANALYTICAL TITLE | |
| Uncontrolled related/analytical title | RELIGION AND THE RISE OF WESTERN CULTURE |
| Withdrawn status | Lost status | Source of classification or shelving scheme | Damaged status | Not for loan | Collection code | Home library | Current library | Shelving location | Date acquired | Source of acquisition | Inventory number | Total Checkouts | Full call number | Barcode | Date last seen | Date last checked out | Price effective from | Koha item type |
|---|---|---|---|---|---|---|---|---|---|---|---|---|---|---|---|---|---|---|
| Dewey Decimal Classification | General | Centro de Estudios en Ciencia y Religión | Centro de Estudios en Ciencia y Religión | Sala general | 03/12/2013 | Compra | 151000000000000000078019 | 4 | 940.2 DAW | 85833 | 05/01/2026 | 13/02/2025 | 20/11/2015 | Libro |